00578nam a2200193 i 4500001000700000003000700007005001700014008004100031080000800072100002200080245006300102250001200165260005100177300002100228490003200249650002100281830003000302852005200332186478SpMaBN20260525062937.0161117s1952 ag |||| | spa d a1651 aBerkeley, George.10aTres diálogos entre Hilas y Filonús /cJorge Berkeley. a2ª ed. aBuenos Aires :bEspasa-Calpe Argentina,c1952. a147 p. ;c18 cm.1 aColección austral ;v1108 7aEpistemología.0 aColección australv1108 aES-MaACLjL-30821z. - Donat. Miguel A. Velasco